000 00527nam a2200169 a 4500
001 000028834
005 20240301073829.0
008 110412nuuuuuuuudr 000 p spa d
040 _aDO-SdBNP
_bspa
_cBNPHU
082 _axxx
_bS961r
100 1 _aSuriñach, Ramón A.
_955823
245 1 0 _aRutas de sol /
_cRamón A. Suriñach ; introducción de Tony Raful.
260 _aSanto Domingo :
_b[s.n.],
_c[19--?].
_f(Editora Suplemento)
300 _a27 p. ;
_c21 cm.
700 1 _aRaful, Tony,
_d1951-
_eintrod.
_91377
049 _aBNPD
999 _c28326
_d28326